| 000 | 00619nam a2200217 a 4500 | ||
|---|---|---|---|
| 001 | 268 | ||
| 003 | CDMR | ||
| 005 | 20151103110001.0 | ||
| 008 | 130130s1988||||||||||||||||||||||||||||d | ||
| 020 | _a8473063287 | ||
| 040 |
_aCDMR _bcat _cCDMR |
||
| 100 | 1 |
_aPlayà, Josep _9441 _d1957- |
|
| 245 | 1 | 0 |
_aArtapalo _b: ETA després de Txomin _cJ. Playà Maset, Antoni Batista |
| 260 |
_aBarcelona _c1988 _bPòrtic |
||
| 490 | 0 |
_aCol·lecció Avui _v2 |
|
| 650 | 0 | 4 |
_93246 _aEspanya _xPolítica |
| 650 | 0 | 4 |
_93352 _aReportatges |
| 610 | 0 | 4 |
_94232 _aETA (Organització) |
| 700 | 1 |
_94247 _aBatista Viladrich, Antoni |
|
| 942 |
_cMON _2udc |
||
| 999 |
_c268 _d268 |
||